02186cam a2200337Ki 4500999001500000006001900015007001500034008004100049020002600090040001200116040001200128041000800140082001400148100002100162245004300183250001900226260003300245300003500278505019400313520112500507650003101632650001401663650002001677700002601697700003201723852000701755856005401762904001201816905001301828942000701841 c3011d3011m o d cr cnu|||unuuu211007s2022 xx eo 000 0 eng d a9780429318184q(ebk.) aKObeng aKObeng0 aeng04a387.12231 aNotteboom, Theo.10aPort Economics, Management and Policy. aFirst edition. aNew York :bRoutledge,c2022 a1 online resource (592 pages).0 aIntroductionI. Ports & Maritime ShippingII. Contemporary PortsIII. Port TerminalsIV. Port GovernanceV. Port CompetitionVI. Port PerformanceVII. Port Policies & DevelopmentVIII. Port Markets aPort Economics, Management and Policy provides a comprehensive analysis of the contemporary port industry, showing how ports are organized to serve the global economy and support regional and local development. Structured in nine sections, this textbook examines a wide range of seaport topics, covering maritime shipping and international trade, port terminals, port governance, port competition, port policy and much more. Key features of the book include its: ⁰́Ø Multidisciplinary perspective, drawing on economics, geography, management science and engineering ⁰́Ø Multisector analysis including containers, bulk, break-bulk and the cruise industry ⁰́Ø Focus on the latest industry trends, such as supply chain management, automation, digitalization and sustainability Benefitting from the authors⁰́₉ extensive involvement in shaping the port sector across five continents, this text provides students and scholars with a valuable resource on ports and maritime transport systems. Practitioners and policymakers can also use this as an essential guide towards better port management and governance. 0aHarborsxEconomic aspects. 0aShipping. 0aTransportation.1 aPallis, Athanasios A.1 aRodrigue, Jean-Paul,d1967- aKO40uhttps://www.taylorfrancis.com/books/9780429318184 aRUDRA_R aR_RANJAN cEB